<?xml version="1.0" encoding="UTF-8"?>
<record
    xmlns:xsi="http://www.w3.org/2001/XMLSchema-instance"
    xsi:schemaLocation="http://www.loc.gov/MARC21/slim http://www.loc.gov/standards/marcxml/schema/MARC21slim.xsd"
    xmlns="http://www.loc.gov/MARC21/slim">

  <leader>02096nam a2200265 a 4500</leader>
  <controlfield tag="001">BRCA_8891</controlfield>
  <controlfield tag="005">20190320210440.0</controlfield>
  <controlfield tag="008">150617s1791----sp-#######---#000-0#lat-#</controlfield>
  <datafield tag="041" ind1=" " ind2=" ">
    <subfield code="a">lat</subfield>
  </datafield>
  <datafield tag="084" ind1=" " ind2=" ">
    <subfield code="a">CO50</subfield>
    <subfield code="b">.A58 1791</subfield>
  </datafield>
  <datafield tag="100" ind1="1" ind2=" ">
    <subfield code="a">Antonio de San Joseph (O.C.D.)</subfield>
    <subfield code="9">22124</subfield>
  </datafield>
  <datafield tag="245" ind1="1" ind2="0">
    <subfield code="a">Compendium salmanticense</subfield>
    <subfield code="b">in duos tomos distributum: universae theologiae moralis quaestiones Brevi, ac perspicuo stylo complectens ad saniorem doctrinam melioremque methodum prae antiquo cursu redactum: duce Angelico Praeceptore bullis, ac pontificum decretis praesertim novissimis auctum, &amp; illustratum</subfield>
    <subfield code="c">authore R.P.F. Antonio A San Joseph; Tomus primus; Editio quarta.</subfield>
  </datafield>
  <datafield tag="250" ind1=" " ind2=" ">
    <subfield code="a">4a ed.</subfield>
  </datafield>
  <datafield tag="260" ind1=" " ind2=" ">
    <subfield code="a">Pampebre</subfield>
    <subfield code="b">Apud Benedictum Cosculluella, el Joseph Longas</subfield>
    <subfield code="c">1791</subfield>
  </datafield>
  <datafield tag="300" ind1=" " ind2=" ">
    <subfield code="a">XX, 600 p. (t.1)</subfield>
    <subfield code="c">29.5 x 20 cm</subfield>
  </datafield>
  <datafield tag="500" ind1=" " ind2=" ">
    <subfield code="a">Superiorum permissu</subfield>
  </datafield>
  <datafield tag="500" ind1=" " ind2=" ">
    <subfield code="a">En portada: Ab codem Authore novissime correcta, &amp; quibusdam additionibus scitu dignis locupletata</subfield>
  </datafield>
  <datafield tag="500" ind1=" " ind2=" ">
    <subfield code="a">Estado f&#xED;sico: presenta encuadernaci&#xF3;n en pergamino con presencia del pez de plata y lomo desprendido</subfield>
  </datafield>
  <datafield tag="500" ind1=" " ind2=" ">
    <subfield code="a">Con marca de fuego: &#x201C;Procedencia de la marca: Colegio de Nuestra Se&#xF1;ora del Carmen de Valladolid (Morelia, Michoac&#xE1;n) (1). Instituci&#xF3;n: Orden de Carmelitas Descalzos. Provincia de San Alberto de M&#xE9;xico. Descripci&#xF3;n: Variaci&#xF3;n sobre las armas de la Orden del Monte Carmelo. Un mantel sumado de una cruz cargado de una estrella. Al timbre, corona real abierta. Observaciones: Saavedra y Carlos Krausse incluyen una marca muy parecida, pues carece del elemento descrito como borla o estrella que se relaciona como un pend&#xF3;n, ellos la atribuyen al Convento del Carmen de Valladolid, hoy Morelia. Ubicaci&#xF3;n de la marca en el libro: Canto superior&#x201D;</subfield>
  </datafield>
  <datafield tag="650" ind1="1" ind2="4">
    <subfield code="a">&#xC9;tica cristiana</subfield>
    <subfield code="y">Obras anteriores a 1800</subfield>
    <subfield code="9">22125</subfield>
  </datafield>
  <datafield tag="650" ind1="1" ind2="4">
    <subfield code="a">Iglesia cat&#xF3;lica</subfield>
    <subfield code="y">Obras anteriores a 1800</subfield>
    <subfield code="9">22126</subfield>
  </datafield>
  <datafield tag="856" ind1=" " ind2=" ">
    <subfield code="a">http://www.marcasdefuego.buap.mx:8180/xmLibris/projects/firebrand/item.jsp?repository=marcas_de_fuego&amp;key=marcas_de_fuego_carmelitas_20151127110131_2025.xml&amp;num=32</subfield>
  </datafield>
  <datafield tag="902" ind1=" " ind2=" ">
    <subfield code="a">CFM</subfield>
  </datafield>
  <datafield tag="942" ind1=" " ind2=" ">
    <subfield code="2">lcc</subfield>
    <subfield code="c">B</subfield>
  </datafield>
  <datafield tag="999" ind1=" " ind2=" ">
    <subfield code="c">8542</subfield>
    <subfield code="d">8542</subfield>
  </datafield>
  <datafield tag="952" ind1=" " ind2=" ">
    <subfield code="0">0</subfield>
    <subfield code="1">0</subfield>
    <subfield code="4">0</subfield>
    <subfield code="7">0</subfield>
    <subfield code="a">BRCA</subfield>
    <subfield code="b">BRCA</subfield>
    <subfield code="d">2017-06-15</subfield>
    <subfield code="l">0</subfield>
    <subfield code="o">CO50 .A58 1791</subfield>
    <subfield code="p">CFM00214</subfield>
    <subfield code="r">2019-03-22 00:00:00</subfield>
    <subfield code="w">2019-03-22</subfield>
    <subfield code="y">B</subfield>
  </datafield>
</record>
